000
00308nam a2200121Ia 4500
008
190802s9999 xx 000 0 und d
020
_a
085-297-040-4
100
_a
Alasdair Watson
245
0
_a
Finance of International Trade
260
_a
London
_b
Instittute of Bankers
_c
1976
300
_a
222:p
942
_c
BK
999
_c
2438
_d
2438